Regionen der Europaregion Centrope - Statistiken

Allgemein
  • Dieses Quiz wurde 87 mal gespielt
  • Das Durchschnittsergebnis liegt bei 5 aus 8
Antworten auf der Karte
Die Antworten werden auf der Karte rot bzw. grün angezeigt, abhängig davon wie oft sie richtig erraten wurden.
 
Antwortstatistiken
Region % Korrekt
Wien
100%
Burgenland
96%
Niederösterreich
92%
Bratislavský kraj Bratislavaer Landschaftsverband
77%
Győr-Moson-Sopron
43%
Jihomoravský kraj Südmähren
42%
Trnavský kraj Tyrnauer Landschaftsverband
10%
Vas
9%
Keine übereinstimmenden Quizze gefunden
Verteilung der Resultate
Anzahl Personen mit jedem Resultat
Perzentil nach korrekt beantworteten Fragen
Ihre Resultats-Entwicklung
Sie haben dieses Quiz noch nicht gespielt